00462nam a22001697a 4500003001100000005001700011008004100028020001500069040003900084041000800123082001500131100001700146245004600163260004600209650002100255650001600276LK-CoMWRAF20230907225955.0230907b2014 |||||||| |||| 00| 0 eng d a0966722167 aLK-CoMWRAFdLK-CoMWRAFeLK-CoMWRAF aeng a428.2bSTR aStraus, Jane aThe Blue book of Grammar and punctuation  aMill valley :bBare bones training,c2014 aEnglish Grammar  aPunctuation